000 00790nmm a2200289 a 4500
003 AR-BaBNM
005 20251128204512.0
008 285019s1994 ||||||||||||||000 | spa||
020 _a950-20-0779-4
040 _cAR-BaBNM
100 1 _aAchával, Alfredo
245 1 0 _aManual de medicina legal
_bpráctica forense
250 _a4ª ed.
260 _aBuenos Aires
_bAbeledo-Perrot
_c1994
300 0 _a1045 p.
500 0 _aINCUCAI:INSTITUTO NACIONAL CENTRAL UNICO COORDINADOR DE ABLACION E IMPLANTE
650 4 _aMEDICINA FORENSE
650 4 _aINVESTIGACION PENAL
650 4 _aPRUEBAS Y TESTIMONIOS
650 4 _aCRIMINOLOGIA
650 4 _aDELITOS
650 4 _aDERECHO PENAL
650 4 _aLEGISLACION ARGENTINA
650 4 _aTORTURA
942 _cBK
998 _cCarmen
999 _c7676
_d7676